1266 1091 1199 1390 1311 1429 1957 1599 1016 1409 1499 1684 1768 1930 1072 1809 1314 1354 1655 1244 1688 1413 1360 1939 1320 1399 1337 1827 1992 1043 1974 1403 1753 1803 1502 1374 1721 1835 1801 1457 1120 1940 1938 1563 1523 1994 1459 1785 1154 1620 1635 1847 1781 1436 1454 1702 1748 1031 1408 1615 1201 1428 1005 1872 1801 1818 1486 1791 1346 1849 1119 1374 1192 1554 1000 1531 1778 1862 1171 1945 1226 1408 1427 1979 1425 1573 1378 1412 1353 1170 1134 1555 1661 1696 1150 1806 1402 1088 1411 BCNSPRNW ULIB Ver.6.0+V

เปลี่ยนเป็นภาษาไทย

Change to English
 แสดงรายละเอียดบรรณานุกรม
  กลับหน้าหลัก

Brief Record : Get Marc (ISO 2709) : E-mail record : QR code < ปิดหน้าต่าง
LEADER : 00000nam 2200000uu 4500
001    13399126132
003     ULIB
008    180612s2005||||th 000 0 tha d
020    ^a9780521497671
050 00 ^aPE1128^bJ251C^cV.1
100 0  ^aJakeman, Vanessa.
245 10 ^aCambridge practice tests for IELTS 1 /^cVanessa Jakeman, Clare McDowell
260    ^aCambridge :^bCambridge University Press,^c2005
300    ^a156 p.:^bill. ;^c25 cm.
650 00 ^aInternational English Language Testing System.
650 00 ^aEnglish language^xExaminations, questions, etc.
650 00 ^aEnglish language^xTextbooks for foreign speakers
700 1  ^aMcDowell, Clare
945    ^p521^l0^i004228
999    ^aวรรณษา ชูชัยมงคล
รายการนี้ยังไม่มีแท็ก
คุณยังไม่ได้ล็อกอิน คุณสามารถมีกิจกรรมร่วมกับเว็บไซต์ได้ แต่ต้องล็อกอินก่อน ::
  ล็อกอิน

รายการสื่อสารสนเทศ

ลำดับที่ ประเภท เลขเรียก/บาร์โค้ด สถานที่ สถานะ
1. วิทยาศาสตร์การแพทย์ และสุขภาพ
หนังสือสำรอง
สถานะ=หนังสือสำรอง
PE1128 J251C V.1 ฉ.1 
  Barcode: 004228
ห้องสมุดวิทยาเขตสวรรค์ประชารักษ์
►หนังสือทั่วไป
บนชั้น

รายการใกล้เคียง
    ผู้แต่ง [Jakeman, Vanessa.]

    หัวเรื่อง [International English Language Testing System.]

BibComment


ยังไม่เคยถูกคอมเมนท์

คอมเมนท์ทรัพยากรรายการนี้
  คอมเมนท์: Cambridge practi..


 Copyright 2026. Bcnsprnw @Library